| 000 | 00743nam a2200217 a 4500 | ||
|---|---|---|---|
| 005 | 20220819122505.0 | ||
| 008 | 011023s2000 r 000 0 eng d | ||
| 020 | _a844150993X | ||
| 035 | _aUPN01000113339 | ||
| 049 | _aCG | ||
| 050 | 4 |
_aTR897.7 _bM3.3 |
|
| 100 | 1 |
_aMaestri, George, _d1960- |
|
| 245 | 1 | 0 |
_aCreación digital de personajes animados / _cGeorge Maestri. |
| 260 |
_aMadrid : _bAnaya Multimedia, _cc2000 |
||
| 300 |
_a271 p. : _bil. col. + _e1 CD-ROM : son., col.; 4 3/4 plg. |
||
| 440 | 0 | _aDiseño y creatividad | |
| 500 | _a"Nivel: Medio. Tipo de libro: Aprendizaje/Referencia. Temática: Multimedia" | ||
| 534 |
_pTraducción de: _tCharacter animation 2. |
||
| 650 | 7 |
_aAnimación por computadora _2 _91049 |
|
| 905 | _aLibro | ||
| 999 |
_c87247 _d87247 |
||